000 00508nam a22002051a 4500
001 1465
003 OSt
005 20260204211735.0
008 040119s1997||||sp ||||||b||||||||||spa||
020 _a8401522041x
050 _a370 T44f
082 _a370 T44f
100 _aTierno, Barnabé
245 _aDel fracaso al éxito escolar / Bernabé Tierno
250 _a3
264 _aEspaña : Plaza y Janes
500 _aIncluye bibliografía
650 _a1.Educación - SuperaciónÌ
942 _2ddc
_cBK
999 _c1465
_d1465